| 000 | 00376nam a2200145 a 4500 | ||
|---|---|---|---|
| 001 | 800 | ||
| 003 | CDMR | ||
| 005 | 20130312181112.0 | ||
| 008 | 130130s1973||||||||||||||||||||||||||||d | ||
| 040 |
_aCDMR _bcat _cCDMR |
||
| 100 | 1 |
_aLópez Vigil, María _9627 |
|
| 245 | 1 | 3 |
_aEl Che Guevara y la unidad latinoamericana _cMaría Lopez Vigil |
| 260 |
_aBarcelona _c1973 |
||
| 942 |
_cTSN _2ddc |
||
| 999 |
_c800 _d800 |
||